Central Library OPAC University of Rajshahi

Data management / (Record no. 59001)

MARC details
000 -LEADER
fixed length control field 00750nam a2200253 a 4500
001 - CONTROL NUMBER
control field 59001
003 - CONTROL NUMBER IDENTIFIER
rucl marc code BD-RjUL
005 - DATE AND TIME OF LATEST TRANSACTION
control field 20211209080701.0
008 - FIXED-LENGTH DATA ELEMENTS--GENERAL INFORMATION
fixed length control field 161220s1994 enka 001 0 eng d
020 ## - INTERNATIONAL STANDARD BOOK NUMBER
International Standard Book Number 0113306342
035 ## - SYSTEM CONTROL NUMBER
System control number (BD-RjUL)59125
040 ## - CATALOGING SOURCE
Original cataloging agency DB/U-1
Language of cataloging eng
Transcribing agency BD-RjUL
Modifying agency BD-RjUL
041 ## - LANGUAGE CODE
Language code of text/sound track or separate title eng
082 ## - DEWEY DECIMAL CLASSIFICATION NUMBER
Classification number 005.74
Edition number 23
Author mark and year DAT 1994
245 00 - TITLE STATEMENT
Title Data management /
260 ## - PUBLICATION, DISTRIBUTION, ETC. (IMPRINT)
Place of publication, distribution, etc. London :
Name of publisher, distributor, etc. HMSO,
Date of publication, distribution, etc. c1994
300 ## - PHYSICAL DESCRIPTION
Pagination 165 p :
Illustrations ill. ;
Size 26 cm
490 ## - SERIES STATEMENT
Series statement Information management library.
500 ## - GENERAL NOTE
General note Includes index
650 #0 - SUBJECT ADDED ENTRY--TOPICAL TERM
Topical term or geographic name as entry element Database management.
9 (RLIN) 175456
710 1# - ADDED ENTRY--CORPORATE NAME
Corporate name or jurisdiction name as entry element Great Britain.
Subordinate unit Treasury.
-- Central Computer and Telecommunications Agency.
9 (RLIN) 175457
830 #0 - SERIES ADDED ENTRY--UNIFORM TITLE
Uniform title Information management library
942 ## - ADDED ENTRY ELEMENTS (KOHA)
Source of classification or shelving scheme Dewey Decimal Classification
Koha item type Books
Holdings
Lost status Source of classification or shelving scheme Damaged status Not for loan Collection code Permanent Location Current Location Shelving location Date acquired Source of acquisition Cost, normal purchase price Total Checkouts Full call number Date last seen Copy number Koha item type
  Dewey Decimal Classification     Non-fiction Central Library, University of Rajshahi Central Library, University of Rajshahi   17/09/2008 Paragon Enterprise Ltd.Dhaka. 35.00   005.74 DAT 1994 20/12/2016 C-2 Books
  Dewey Decimal Classification   Not For Loan Non-fiction Central Library, University of Rajshahi Central Library, University of Rajshahi Reading Room 17/09/2008 Dhaka, Paragon Enterprises Ltd. 35.00   005.74 DAT 1994 17/01/2017 C-1 Books